000
00220nam a2200097Ia 4500
008
170619s9999 xx 000 0 und d
100
_a
Gupta P K
245
0
_a
Elements of Biochemistry
260
_b
Rastogi Pub.
260
_c
2004
546
_a
ENGLISH
999
_c
17386
_d
17386